| 000 | 00439nam a22001697a 4500 | ||
|---|---|---|---|
| 003 | DO-SdBNP | ||
| 005 | 20171128131718.0 | ||
| 008 | 171128b xxu||||| |||| 00| 0 spa d | ||
| 040 |
_aBPMSU _bspa _cBPMSU |
||
| 100 | 1 | _aBrazero, Carlos | |
| 245 | _aAcuarelas de mi tierra | ||
| 260 |
_aMontevideo _bPalacio Legislativo _c1978 |
||
| 300 |
_a166 p. _bil. _c28 cm |
||
| 942 |
_2ddc _cBK |
||
| 945 | _ainventariado / DG | ||
| 956 |
_adgarcia _b10 |
||
| 999 |
_c13169 _d13169 |
||